[Event "WchT Seniors 65"]
[Site "Rhodes"]
[Date "2019.04.20"]
[Round "5.6"]
[White "Pedersen, Svend"]
[Black "Vaisser, Anatoli"]
[Result "0-1"]
[WhiteElo "2178"]
[BlackElo "2482"]
[PlyCount "30"]
[EventDate "2019.04.16"]
[EventType "team-swiss"]
[EventRounds "9"]
[EventCountry "GRE"]
[SourceTitle "CBM 190 Extra"]
[Source "ChessBase"]
[SourceDate "2019.07.15"]
[SourceVersion "1"]
[SourceVersionDate "2019.07.15"]
[SourceQuality "1"]
[WhiteTeam "Norresundby"]
[BlackTeam "France"]
[WhiteTeamCountry "DEN"]
[BlackTeamCountry "FRA"]

1. e4 e6 2. d3 d5 3. Nd2 c5 4. Ngf3 Nc6 5. g3 Bd6 6. Bg2 Nge7 7. 0-0 0-0 8. Re1 Qc7 9. c3 Bd7 10. d4 cxd4 11. Nxd4 Nxd4 12. cxd4 dxe4 13. Nxe4 Bc6 14. Be3 Nd5 15. Nc3 Nxc3 0-1

[Event "DEN-chT 1314 52nd"]
[Site "Denmark"]
[Date "2014.03.09"]
[Round "9.6"]
[White "Jakobsen, Peter"]
[Black "Pedersen, Svend"]
[Result "1/2-1/2"]
[WhiteElo "2214"]
[BlackElo "2231"]
[PlyCount "56"]
[EventDate "2013.11.02"]
[EventType "team-tourn"]
[EventRounds "9"]
[EventCountry "DEN"]
[SourceTitle "EXT 2015"]
[Source "ChessBase"]
[SourceDate "2014.11.20"]
[SourceVersion "1"]
[SourceVersionDate "2014.11.20"]
[SourceQuality "1"]
[WhiteTeam "Nordkalotten"]
[BlackTeam "Norresundby"]
[WhiteTeamCountry "DEN"]
[BlackTeamCountry "DEN"]

1. d4 d6 2. Nf3 g6 3. c4 Bg7 4. Nc3 Nc6 5. d5 Ne5 6. Nxe5 Bxe5 7. e4 c6 8. Bd3 Bg7 9. 0-0 Nf6 10. h3 0-0 11. Be3 cxd5 12. cxd5 e6 13. Rc1 exd5 14. exd5 Qa5 15. Qb3 Bd7 16. Bf4 Qc5 17. Rfd1 Rfd8 18. Bg5 Qb6 19. Qxb6 axb6 20. Ne4 Nxe4 21. Bxd8 Nxf2 22. Kxf2 Rxd8 23. b4 Ra8 24. Bb1 Ba4 25. Rd3 Bb5 26. Rdd1 Ba4 27. Rd3 Bb5 28. Rdd1 Ba4 1/2-1/2

[Event "DEN-chT 1011 49th"]
[Site "Denmark"]
[Date "2011.02.20"]
[Round "7.6"]
[White "Carstensen, Jacob"]
[Black "Pedersen, Svend"]
[Result "1-0"]
[WhiteElo "2332"]
[BlackElo "2214"]
[PlyCount "53"]
[EventDate "2010.11.06"]
[EventType "team-tourn"]
[EventRounds "9"]
[EventCountry "DEN"]
[SourceTitle "EXT 2012"]
[Source "ChessBase"]
[SourceDate "2011.11.24"]
[SourceVersion "1"]
[SourceVersionDate "2011.11.24"]
[SourceQuality "1"]
[WhiteTeam "Bronshoj"]
[BlackTeam "Norresundby"]
[WhiteTeamCountry "DEN"]
[BlackTeamCountry "DEN"]

1. d4 d6 2. Nf3 g6 3. g3 Bg7 4. Bg2 Nf6 5. 0-0 0-0 6. c4 c6 7. Nc3 Qc7 8. e4 e5 9. h3 Nbd7 10. Be3 Nh5 11. g4 Nf4 12. Bxf4 exf4 13. Qd2 Qb6 14. Rab1 g5 15. b4 h6 16. c5 Qc7 17. Rfe1 b6 18. cxd6 Qxd6 19. e5 Qg6 20. Ne4 Re8 21. Nd6 Nf8 22. Rbc1 Bd7 23. Bf1 h5 24. Bd3 Qh6 25. Bf5 hxg4 26. hxg4 Qh3 27. Nxg5 1-0

[Event "DEN-chT 1011 49th"]
[Site "Denmark"]
[Date "2011.01.16"]
[Round "5.8"]
[White "Pedersen, Svend"]
[Black "Rathlev, Jakob"]
[Result "1/2-1/2"]
[WhiteElo "2116"]
[BlackElo "2258"]
[PlyCount "81"]
[EventDate "2010.11.06"]
[EventType "team-tourn"]
[EventRounds "9"]
[EventCountry "DEN"]
[SourceTitle "EXT 2012"]
[Source "ChessBase"]
[SourceDate "2011.11.24"]
[SourceVersion "1"]
[SourceVersionDate "2011.11.24"]
[SourceQuality "1"]
[WhiteTeam "BMS"]
[BlackTeam "Jetsmark"]
[WhiteTeamCountry "DEN"]
[BlackTeamCountry "DEN"]

1. e4 c5 2. Nf3 a6 3. c3 d5 4. exd5 Qxd5 5. d4 Bg4 6. Be2 cxd4 7. cxd4 e6 8. 0-0 Nf6 9. Nc3 Qd8 10. Qb3 b5 11. Bg5 Be7 12. Rfd1 Nbd7 13. h3 Bf5 14. Ne5 Rc8 15. Rac1 0-0 16. Bf3 b4 17. Na4 Rxc1 18. Rxc1 Nxe5 19. dxe5 Nd5 20. Bxe7 Qxe7 21. Rd1 Rc8 22. Bxd5 exd5 23. Nb6 Rd8 24. Rxd5 Rxd5 25. Qxd5 h6 26. Qd4 Qg5 27. Kh2 Be6 28. b3 a5 29. Nc4 Bxc4 30. f4 Qf5 31. Qxc4 Qb1 32. Qe2 Qc1 33. Qf2 Qa1 34. Qd2 Kh7 35. Qd3+ g6 36. Qd7 Kg8 37. Qd8+ Kg7 38. Qf6+ Kg8 39. Qd8+ Kg7 40. Qf6+ Kg8 41. Qd8+ 1/2-1/2

[Event "DEN-chT 0910 48th"]
[Site "Denmark"]
[Date "2009.12.06"]
[Round "3.6"]
[White "Pedersen, Svend"]
[Black "Boe, Mads"]
[Result "1/2-1/2"]
[WhiteElo "2253"]
[BlackElo "2326"]
[PlyCount "61"]
[EventDate "2009.11.07"]
[EventType "team-tourn"]
[EventRounds "9"]
[EventCountry "DEN"]
[SourceTitle "EXT 2023"]
[Source "ChessBase"]
[SourceDate "2022.10.05"]
[SourceVersion "1"]
[SourceVersionDate "2022.10.05"]
[SourceQuality "1"]
[WhiteTeam "Norresundby"]
[BlackTeam "Aarhus/Skolerne"]
[WhiteTeamCountry "DEN"]
[BlackTeamCountry "DEN"]

1. e4 e5 2. Nc3 Nf6 3. f4 d5 4. fxe5 Nxe4 5. Nf3 Bc5 6. d4 Bb4 7. Bd2 Bg4 8. Be2 Nc6 9. 0-0 0-0 10. a3 Be7 11. Qe1 f5 12. exf6 Bxf6 13. Ne5 Bxe2 14. Nxc6 bxc6 15. Nxe2 c5 16. Be3 Re8 17. Rd1 c6 18. c3 Qe7 19. dxc5 Nxc5 20. Rf3 Ne6 21. Qf1 Qc7 22. Ng3 Rf8 23. Nf5 Rae8 24. c4 Rd8 25. cxd5 cxd5 26. Qb5 d4 27. Bf4 Qc5 28. Qxc5 Nxc5 29. Bd6 Rxd6 30. Nxd6 Rd8 31. b4 1/2-1/2

[Event "DEN-chT 0607"]
[Site "Denmark"]
[Date "2007.03.24"]
[Round "8.5"]
[White "Pedersen, Svend"]
[Black "Nielsen, Lars Aaes"]
[Result "1-0"]
[WhiteElo "2237"]
[BlackElo "2221"]
[PlyCount "65"]
[EventDate "2006.11.04"]
[EventType "team-tourn"]
[EventRounds "9"]
[EventCountry "DEN"]
[SourceTitle "EXT 2023"]
[Source "ChessBase"]
[SourceDate "2022.10.05"]
[SourceVersion "1"]
[SourceVersionDate "2022.10.05"]
[SourceQuality "1"]
[WhiteTeam "Norresundby"]
[BlackTeam "Nordkalotten"]
[WhiteTeamCountry "DEN"]
[BlackTeamCountry "DEN"]

1. e4 e6 2. d3 d5 3. Nd2 Nf6 4. e5 Nfd7 5. f4 b6 6. g3 Bb7 7. Bg2 Be7 8. Ngf3 c5 9. 0-0 Nc6 10. Re1 Qc7 11. c3 g5 12. Nxg5 Bxg5 13. fxg5 Ndxe5 14. Nf3 Ng6 15. d4 0-0-0 16. Be3 c4 17. Qd2 Nce7 18. Ne5 Nxe5 19. Bf4 N7g6 20. Bxe5 Nxe5 21. Rxe5 Rdg8 22. Rf1 Rg7 23. Rf6 Rhg8 24. Qf4 Bc6 25. h4 Be8 26. Bf3 Qd7 27. Bd1 Qb5 28. Re2 Rg6 29. Rf2 Kb7 30. Bc2 Rxf6 31. Qxf6 Qxb2 32. Bxh7 Qxc3 33. Kg2 1-0

[Event "DEN-chT 0506"]
[Site "Denmark"]
[Date "2006.03.19"]
[Round "9.4"]
[White "Jakobsen, Peter"]
[Black "Pedersen, Svend"]
[Result "1/2-1/2"]
[WhiteElo "2162"]
[BlackElo "2260"]
[PlyCount "46"]
[EventDate "2005.11.05"]
[EventType "team-tourn"]
[EventRounds "9"]
[EventCountry "DEN"]
[SourceTitle "EXT 2023"]
[Source "ChessBase"]
[SourceDate "2022.10.05"]
[SourceVersion "1"]
[SourceVersionDate "2022.10.05"]
[SourceQuality "1"]
[WhiteTeam "Nordkalotten"]
[BlackTeam "Norresundby"]
[WhiteTeamCountry "DEN"]
[BlackTeamCountry "DEN"]

1. c4 e5 2. g3 Nc6 3. Bg2 g6 4. Nc3 Bg7 5. e4 d6 6. Nge2 Be6 7. d3 Qd7 8. Nd5 f5 9. 0-0 Nf6 10. Bh6 0-0 11. Bxg7 Kxg7 12. Qd2 Rae8 13. Rac1 Rf7 14. b4 Nd4 15. Nxd4 exd4 16. Nxf6 Rxf6 17. f4 fxe4 18. Bxe4 c5 19. a4 Bf5 20. Rfe1 Rfe6 21. Bxf5 gxf5 22. bxc5 dxc5 23. Re5 Rxe5 1/2-1/2

[Event "Nordic-chB"]
[Site "Aarhus"]
[Date "2004.02.28"]
[Round "7"]
[White "Pedersen, Svend"]
[Black "Pedersen, Steffen"]
[Result "1/2-1/2"]
[WhiteElo "2269"]
[BlackElo "2441"]
[PlyCount "42"]
[EventDate "2003.02.23"]
[EventType "swiss"]
[EventRounds "7"]
[EventCountry "DEN"]
[SourceTitle "EXT 2008"]
[Source "ChessBase"]
[SourceDate "2007.11.25"]
[SourceVersion "1"]
[SourceVersionDate "2007.11.25"]
[SourceQuality "1"]

1. e4 c6 2. d4 d5 3. e5 Bf5 4. c4 e6 5. Nc3 Nd7 6. Nge2 f6 7. Ng3 Bg6 8. f4 fxe5 9. fxe5 Qb6 10. c5 Nxc5 11. dxc5 Bxc5 12. Na4 Bb4+ 13. Bd2 Qd4 14. Bc3 Qxe5+ 15. Qe2 Bxc3+ 16. Nxc3 Qd6 17. 0-0-0 Nf6 18. Qd2 0-0 19. Bd3 Bxd3 20. Qxd3 Ng4 21. Qd2 Qc5 1/2-1/2

[Event "DEN-chT 0102"]
[Site "Denmark"]
[Date "2001.11.17"]
[Round "3.4"]
[White "Brinck Claussen, Bjorn"]
[Black "Pedersen, Svend"]
[Result "1-0"]
[WhiteElo "2365"]
[BlackElo "2269"]
[PlyCount "79"]
[EventDate "2001.11.04"]
[EventType "team-tourn"]
[EventRounds "7"]
[EventCountry "DEN"]
[SourceTitle "EXT 2023"]
[Source "ChessBase"]
[SourceDate "2022.10.05"]
[SourceVersion "1"]
[SourceVersionDate "2022.10.05"]
[SourceQuality "1"]
[WhiteTeam "Bronshoj"]
[BlackTeam "Norresundby"]
[WhiteTeamCountry "DEN"]
[BlackTeamCountry "DEN"]

1. e4 d6 2. d4 Nf6 3. Nc3 g6 4. f4 Bg7 5. Nf3 0-0 6. Bd3 Na6 7. 0-0 c5 8. d5 Nc7 9. Qe1 Rb8 10. a4 a6 11. Qh4 b5 12. axb5 axb5 13. f5 c4 14. Be2 Bd7 15. fxg6 fxg6 16. Bh6 e5 17. dxe6 Nxe6 18. Bxg7 Kxg7 19. e5 Qb6+ 20. Kh1 dxe5 21. Nxe5 Rbd8 22. Ng4 Ng8 23. Qg3 Qb8 24. Rxf8 Nxf8 25. Ne5 Re8 26. Nxd7 Qxg3 27. hxg3 Nxd7 28. Ra7 Ngf6 29. Bf3 b4 30. Nd5 Kh6 31. Nxb4 Re1+ 32. Kh2 Ne5 33. g4 Nexg4+ 34. Kg3 Ne5 35. Nd5 Nxd5 36. Bxd5 Kg5 37. Rc7 Re3+ 38. Bf3 c3 39. b4 h5 40. Kf2 1-0

[Event "DEN-chT 0102"]
[Site "Denmark"]
[Date "2001.11.04"]
[Round "1.4"]
[White "Hoiberg, Nina"]
[Black "Pedersen, Svend"]
[Result "1/2-1/2"]
[WhiteElo "2268"]
[BlackElo "2269"]
[PlyCount "97"]
[EventDate "2001.11.04"]
[EventType "team-tourn"]
[EventRounds "7"]
[EventCountry "DEN"]
[SourceTitle "EXT 2023"]
[Source "ChessBase"]
[SourceDate "2022.10.05"]
[SourceVersion "1"]
[SourceVersionDate "2022.10.05"]
[SourceQuality "1"]
[WhiteTeam "Nordre"]
[BlackTeam "Norresundby"]
[WhiteTeamCountry "DEN"]
[BlackTeamCountry "DEN"]

1. e4 d6 2. d4 Nf6 3. Nc3 g6 4. Nf3 Bg7 5. h3 0-0 6. Be3 c6 7. Bd3 Nbd7 8. 0-0 e5 9. Qd2 Qe7 10. Rad1 d5 11. Nxe5 Nxe5 12. dxe5 Nxe4 13. Nxe4 dxe4 14. Bxe4 Qxe5 15. Rfe1 Qxb2 16. Bc5 Be6 17. Bxf8 Rxf8 18. Rb1 Qa3 19. Rxb7 c5 20. Qe3 Qa5 21. Rd1 Bd4 22. Qg5 Qxa2 23. h4 Qa6 24. Qg3 Qe2 25. Bf3 Qxc2 26. Rxa7 Qf5 27. Qg5 Qxg5 28. hxg5 Rb8 29. Ra8 Rxa8 30. Bxa8 Kf8 31. Be4 Ke7 32. Kf1 Kd6 33. Bd3 c4 34. Bxg6 hxg6 35. Rxd4+ Ke5 36. Rd1 Kf4 37. Rc1 Kxg5 38. Rc3 Kf4 39. Ke2 g5 40. Kd2 Ke4 41. Re3+ Kd4 42. Rg3 g4 43. f3 f5 44. fxg4 fxg4 45. Kc2 Bf5+ 46. Kb2 Be6 47. Rc3 Bd5 48. Rg3 c3+ 49. Rxc3 1/2-1/2

[Event "DEN-chT26 B3 corr"]
[Site "Denmark"]
[Date "2001.??.??"]
[Round "?"]
[White "Pedersen, Svend"]
[Black "Johansen, Johnny Holler"]
[Result "1-0"]
[WhiteElo "2222"]
[BlackElo "1871"]
[PlyCount "43"]
[EventDate "2001.03.12"]
[EventType "team (corr)"]
[EventRounds "6"]
[EventCountry "DEN"]
[SourceTitle "Corr 2004"]
[Source "ChessBase"]
[SourceDate "2003.04.28"]
[SourceVersion "3"]
[SourceVersionDate "2003.04.28"]
[SourceQuality "1"]

1. e4 e6 2. d3 c5 3. g3 g6 4. Bg2 Bg7 5. Nc3 Ne7 6. Be3 d6 7. Qd2 Nbc6 8. Nh3 e5 9. 0-0 h6 10. f4 Nd4 11. Nd1 f5 12. Ndf2 Rb8 13. c3 Ndc6 14. Rae1 b6 15. Kh1 Bd7 16. b3 Qc8 17. Ng1 Qa6 18. Nf3 Qa5 19. Nd1 Kd8 20. Nh4 Kc7 21. fxe5 dxe5 22. Nxg6 1-0